<?xml version="1.0" encoding="UTF-8"?>
<record
    xmlns:xsi="http://www.w3.org/2001/XMLSchema-instance"
    xsi:schemaLocation="http://www.loc.gov/MARC21/slim http://www.loc.gov/standards/marcxml/schema/MARC21slim.xsd"
    xmlns="http://www.loc.gov/MARC21/slim">

  <leader>00788cam a22002051  4500</leader>
  <controlfield tag="001">f  01001153 </controlfield>
  <controlfield tag="003">DLC</controlfield>
  <controlfield tag="005">20260227111239.0</controlfield>
  <controlfield tag="008">850326s1890    fr            000 0 fre  </controlfield>
  <datafield tag="010" ind1=" " ind2=" ">
    <subfield code="a">f  01001153 </subfield>
  </datafield>
  <datafield tag="035" ind1=" " ind2=" ">
    <subfield code="a">(OCoLC)11847616</subfield>
  </datafield>
  <datafield tag="040" ind1=" " ind2=" ">
    <subfield code="a">DLC</subfield>
    <subfield code="c">NhD</subfield>
    <subfield code="d">DLC</subfield>
  </datafield>
  <datafield tag="050" ind1="0" ind2="0">
    <subfield code="a">HE1882</subfield>
    <subfield code="b">.U45</subfield>
  </datafield>
  <datafield tag="100" ind1="1" ind2=" ">
    <subfield code="a">Ulrich, Franz,</subfield>
    <subfield code="d">1844-</subfield>
  </datafield>
  <datafield tag="245" ind1="0" ind2="0">
    <subfield code="a">Trait&#xE9; g&#xE9;n&#xE9;ral des tarifs de chemins de fer, contenant une &#xE9;tude sp&#xE9;ciale des tarifs appliqu&#xE9;s en Allemagne, Autriche-Hongrie, Suisse, Italie, France, Belgiuqe, Hollande, Angleterre et Russie.</subfield>
    <subfield code="c">Par F. Ulrich ... &#xC9;d. fran&#xE7;aise rev. par l'auteur.</subfield>
  </datafield>
  <datafield tag="260" ind1=" " ind2=" ">
    <subfield code="a">Paris [etc.]</subfield>
    <subfield code="b">Baudry et cie,</subfield>
    <subfield code="c">1890.</subfield>
  </datafield>
  <datafield tag="300" ind1=" " ind2=" ">
    <subfield code="a">2 p. l., x, 555 p.</subfield>
    <subfield code="c">25 cm.</subfield>
  </datafield>
  <datafield tag="500" ind1=" " ind2=" ">
    <subfield code="a">p. 555 wrongly numbered 355.</subfield>
  </datafield>
  <datafield tag="650" ind1=" " ind2="0">
    <subfield code="a">Railroads</subfield>
    <subfield code="x">Freight</subfield>
    <subfield code="x">Rates.</subfield>
  </datafield>
  <datafield tag="999" ind1=" " ind2=" ">
    <subfield code="c">22535</subfield>
    <subfield code="d">22535</subfield>
  </datafield>
</record>
